Rotational invarian local features for texture classification, A comparative study / (Record no. 540738)

000 -LEADER
fixed length control field 00499nam a22001457a 4500
082 ## - DEWEY DECIMAL CLASSIFICATION NUMBER
Classification number 621.39
100 ## - MAIN ENTRY--PERSONAL NAME
Personal name Wahid, Kafeel
245 ## - TITLE STATEMENT
Title Rotational invarian local features for texture classification, A comparative study /
Statement of responsibility, etc. Kafeel Wahid.
260 ## - PUBLICATION, DISTRIBUTION, ETC.
Place of publication, distribution, etc. Islamabad:
Name of publisher, distributor, etc. CEME - NUST,
Date of publication, distribution, etc. 2012.
300 ## - PHYSICAL DESCRIPTION
Extent 59p.: ill.;
Dimensions 30cm.
650 ## - SUBJECT ADDED ENTRY--TOPICAL TERM
Topical term or geographic name entry element Computer Engineering - MS Theses.
700 ## - ADDED ENTRY--PERSONAL NAME
Personal name Sup: Dr. Arslan Shaukat.
942 ## - ADDED ENTRY ELEMENTS (KOHA)
Source of classification or shelving scheme
Koha item type Thesis
650 ## - SUBJECT ADDED ENTRY--TOPICAL TERM
-- 34671
700 ## - ADDED ENTRY--PERSONAL NAME
-- 34672
Holdings
Withdrawn status Lost status Source of classification or shelving scheme Damaged status Not for loan Permanent Location Current Location Shelving location Date acquired Total Checkouts Full call number Barcode Date last seen Price effective from Koha item type
          Central Library (CL) Central Library (CL) Thesis 11/06/2020   621.39 CL-T-767 11/06/2020 11/06/2020 Thesis
© 2023 Central Library, National University of Sciences and Technology. All Rights Reserved.